000 00611nam a2200241Ia 4500
003 OSt
005 20220928114533.0
006 a|||||r|||| 00| 0
007 ta
008 220927b |||||||| |||| 00| 0 eng d
024 _a70451
037 _cTextual
040 _aSDCL
_cSDCL
_beng
041 _2eng
_aeng
082 _aP:795, P6
100 _aCronin Michael
_9439533
245 0 _aTranslation and identity-
260 _aLondon
_bRoutledge
_c2006
300 _ax,166p.
_ccm.
650 _aTranslation
942 _hP:795, P6
_cTEXL
_2CC
999 _c755223
_d755223